My favorite songs on The Eminem Show - Statistics

General Stats
  • This quiz has been taken 19 times
  • The average score is 8 of 10
Answer Stats
Hint Answer % Correct
2. Without Me
100%
6. Business
93%
5. Hailie's Song
79%
7. Superman
79%
1. Cleanin' Out My Closet
71%
3. Sing For The Moment
71%
10. Square Dance
71%
4. Till I Collapse
71%
8. White America
71%
9. Say What You Say
57%
No matching quizzes found
Score Distribution
Percent of People with Each Score
Percentile by Number Answered
Your Score History
You have not taken this quiz